Literatura en la revolución y revolución en la literatura [Polémica)
Tallennettuna:
| Päätekijä: | |
|---|---|
| Aineistotyyppi: | Kirja |
| Kieli: | Spanish |
| Julkaistu: |
México, D.F.
Siglo Veintiuno editores
1971
|
| Painos: | Segunda edición |
| Aiheet: | |
| Tagit: |
Lisää tagi
Ei tageja, Lisää ensimmäinen tagi!
|
MARC
| LEADER | 00000nam a2200000Ia 4500 | ||
|---|---|---|---|
| 008 | 170316s9999 xx 000 0 spa d | ||
| 999 | |c 30754 |d 30754 | ||
| 040 | |a cru BVZT | ||
| 090 | |a 801 C-25L | ||
| 100 | |a Collazos, Oscar; Cortázar, Julio; Llosa, Mario Vargas | ||
| 245 | |a Literatura en la revolución y revolución en la literatura [Polémica) | ||
| 250 | |a Segunda edición | ||
| 260 | |a México, D.F. | ||
| 260 | |b Siglo Veintiuno editores | ||
| 260 | |c 1971 | ||
| 300 | |a 119 páginas | ||
| 650 | |a TEORÍA LITERARIA |9 178 | ||
| 650 | |a LITERATURA EN LA REVOLUCIÓN | ||
| 650 | |a REVOLUCIÓN EN LA LITERATURA | ||
| 650 | |a ÓSCAR COLLAZOS | ||
| 650 | |a JULIO CORTÁZAR | ||
| 650 | |a MARIO VARGAS LLOSA | ||
| 942 | 0 | 0 | |0 1 |2 z |c LIB |
